Responses for Show #2245 - Friday, May 13, 1994

1994 College Championship final game 2.

Contestants

[<< previous game]

Jeff Stewart, a senior from Brigham Young University (subtotal of $16,800)

Dave Goldsmith, a senior from Colgate University (subtotal of $10,000)

Keri Ellis, a senior from Michigan Technological University (subtotal of $5,000)

[next game >>]

Jeopardy! Round responses

HISTORIC DOCUMENTS
COMIC BOOKS
BALLET
STATE ANIMALS
FIRST NAMES
ENDS "IN"
    $100 26
copyrights

Keri
    $100 5
Batman

Dave
    $100 1
the barre

Keri
    $100 12
(Dave: What is the cuckoo?)

the loon

Dave
Triple Stumper
    $100 28
Rebecca

Keri
    $100 9
cut in

Jeff
    $200 30
Athens

Jeff
    $200 6
Beavis & Butthead

Jeff
    $200 2
(Keri: What is blue?)

white

Keri
Triple Stumper
    $200 27
a deer

Jeff
    $200 29
Julia

Keri
    $200 13
write-in

Jeff
    $300 19
Das Kapital

Jeff
    $300 11
Anne Rice

Keri
    $300 3
Chekhov

Jeff
    $300 25
a crayfish

Jeff
    $300 18
Benedict

Jeff
    $300 23
swear in

Keri
    $400 10
(Jeff: Who are Uruguay, uh, Paraguay & Argentina?)
(Keri: What are Argentina, Bolivia & Colombia?)

Argentina, Brazil & Chile

KeriDaveJeff
    $400 22
Jughead

Dave
    $400 8
Bizet

Keri
    $400 4
a coyote

Dave
    $1,000 17
Paige

Keri
    $400 24
listen in

Jeff
    $500 15
the Magna Carta

Jeff
    $500 21
Speed Racer

Dave
    $500 7
Sleeping Beauty

Keri
    $500 14
(Jeff: What's a grasshopper?)
...
(Alex: They're never gonna let you live this one down, down there in Utah.)

the honeybee

Jeff
Triple Stumper
    $500 16
Jedediah

Keri
    $500 20
pitch-in

Jeff

Scores at the first commercial break (after clue 15):

Keri Dave Jeff
$700 $800 $400

Scores at the end of the Jeopardy! Round:

Keri Dave Jeff
$2,900 $1,700 $2,600

Double Jeopardy! Round responses

BIOLOGY
WORLD CAPITALS
THE NEW TESTAMENT
BLACK AMERICA
THE 1990s
LITERARY POTPOURRI
    $200 1
the udder

Jeff
    $200 4
Paris

Jeff
    $200 19
Judas

Jeff
    $200 10
(Jesse) Jackson

Jeff
    $200 30
an (Northridge or Reseda) earthquake

Jeff
    $200 28
Around the World in Eighty Days

Jeff
    $400 17
the nucleus

Dave
    $400 7
New Delhi

Jeff
    $400 24
John the Baptist

Jeff
    $400 27
Denzel Washington

Keri
    $400 29
(Mario) Cuomo

Dave
    $400 22
Hawthorne

Keri
    $600 18
iron

Jeff
    $600 3
Canberra (Australia)

Keri
    $600 21
Paul

Jeff
    $600 26
George Washington Carver

Keri
    $600 20
North Carolina

Dave
    $600 23
(Rudyard) Kipling

Dave
    $2,800 2
the (inferior) vena cava

Jeff
    $800 5
Quito

Keri
    $800 8
Revelation

Jeff
    $800 9
Thurgood Marshall

Keri
    $800 25
Ford

Jeff
    $800 11
Le Morte d'Arthur

Jeff
    $1000 16
(Jeff: What are neurons?)

axons

DaveJeff
    $1000 6
(Keri: What is, uh, Amsterdam?)

Brussels, Belgium

Keri
Triple Stumper
    $1000 13
the Sermon on the Mount

Keri
    $1000 15
(Frederick) Douglass

Jeff
    $1000 12
(Salman) Rushdie

Jeff
    $2,900 14
The Invisible Man

Keri

Scores at the end of the Double Jeopardy! Round:

Keri Dave Jeff
$9,400 $4,700 $12,000
(lock tournament)

[wagering suggestions for these scores]

Final Jeopardy! Round responses

MYTHOLOGICAL WOMEN
(Alex: The wife of Odysseus; spent a lot of time weaving...)
(Dave: I was hoping that was her name.)
(Alex: ...and unraveling it.)
DaveWho is A Penelope?
$4,460
KeriWho is Arachne?
$6,800
JeffWho is Atripos
$5,999
Penelope

Final scores:

Keri Dave Jeff
$2,600 $9,160 $6,001

Cumulative scores:

Keri Dave Jeff
$7,600 $19,160 $22,801
2nd runner-up: $7,600 1st runner-up: $19,160 Tournament champion: $25,000 + Dodge Dakota Club Cab Sport + trophy

Game dynamics:

Coryat scores:

Keri Dave Jeff
$6,900 $4,700 $10,000
18 R
(including 2 DDs),
3 W
10 R,
1 W
28 R
(including 1 DD),
3 W

Combined Coryat: $21,600

[game clues] [game scores] [suggest correction]

Game tape date: 1994-02-28
The J! Archive is created by fans, for fans. Scraping, republication, monetization, and malicious use prohibited; this site may use cookies and collect identifying information. See terms. The Jeopardy! game show and all elements thereof, including but not limited to copyright and trademark thereto, are the property of Jeopardy Productions, Inc. and are protected under law. This website is not affiliated with, sponsored by, or operated by Jeopardy Productions, Inc. Join the discussion at JBoard.tv.